| 000 | 004550000a22001810004500 | ||
|---|---|---|---|
| 003 | MACL | ||
| 005 | 20151023151820.0 | ||
| 008 | 151023b xxu||||| |||| 00| 0 eng d | ||
| 040 |
_aMACL _cMACL |
||
| 041 | _aEnglish | ||
| 082 | _a954 | ||
| 100 |
_aChattopadhyay, D.K. _916263 |
||
| 245 | _aBipinchandra Pal & Indian National Movement | ||
| 260 |
_bMahanam Prakashan _c1986 _aCalcutta |
||
| 350 | _a40 | ||
| 650 |
_aHistory _916481 |
||
| 942 |
_cBK _k954 _2ddc |
||
| 999 |
_c6599 _d6599 |
||